[Event "MCRE_PF14"]
[Site "?"]
[Date "2004.??.??"]
[Round "?"]
[White "Houska, Jiri"]
[Black "Pravec, Ladislav"]
[Result "1/2-1/2"]
[WhiteElo "2200"]
[BlackElo "2302"]
[PlyCount "49"]
[EventDate "2004.??.??"]
[EventType "corr"]

1. d4 Nf6 2. c4 g6 3. Nc3 d5 4. Nf3 Bg7 5. Qb3 dxc4 6. Qxc4 O-O 7. e4 Na6 8.
Be2 c5 9. d5 e6 10. O-O exd5 11. exd5 Re8 12. Bf4 Bf5 13. Rad1 Ne4 14. Nb5 Qf6
15. Bd3 Rad8 16. Rfe1 Qxb2 17. Bxe4 Rxe4 18. Rxe4 Bxe4 19. Qxe4 Qxb5 20. d6 Qd7
21. Ne5 Qe6 22. Qxb7 Bxe5 23. Bxe5 Qxe5 24. Qxa6 Kg7 25. d7 1/2-1/2

[Event "MCRE_PF14"]
[Site "?"]
[Date "2004.??.??"]
[Round "?"]
[White "Cedrych, Karel"]
[Black "Houska, Jiri"]
[Result "0-1"]
[WhiteElo "2164"]
[BlackElo "2200"]
[PlyCount "52"]
[EventDate "2004.??.??"]
[EventType "corr"]

1. e4 e6 2. d4 d5 3. Nc3 Bb4 4. e5 Qd7 5. Qg4 f5 6. Qg3 b6 7. a3 Bxc3+ 8. Qxc3
Ba6 9. Bxa6 Nxa6 10. Qd3 Nb8 11. Be3 Ne7 12. Nf3 O-O 13. O-O-O Rc8 14. h3 c5
15. g4 c4 16. Qe2 b5 17. Kd2 Nbc6 18. Ra1 a5 19. Kc1 b4 20. a4 Rf8 21. Bg5 Ng6
22. Rg1 c3 23. b3 Qf7 24. Rg3 f4 25. Rg1 h6 26. Qe3 fxe3 0-1

[Event "MCRE_PF14"]
[Site "?"]
[Date "2004.??.??"]
[Round "?"]
[White "Houska, Jiri"]
[Black "Cedrych, Karel"]
[Result "1/2-1/2"]
[WhiteElo "2200"]
[BlackElo "2164"]
[PlyCount "57"]
[EventDate "2004.??.??"]
[EventType "corr"]

1. d4 Nf6 2. c4 e6 3. Nf3 b6 4. g3 Bb7 5. Bg2 Be7 6. O-O O-O 7. d5 exd5 8. Nh4
c6 9. cxd5 Nxd5 10. Nf5 Nc7 11. Nc3 d5 12. e4 Bf6 13. Bf4 Nd7 14. exd5 cxd5 15.
Nxd5 Nxd5 16. Bxd5 Bxd5 17. Qxd5 Ne5 18. Rad1 Qxd5 19. Rxd5 Ng6 20. Bd6 Rfd8
21. b3 Ne7 22. Nxe7+ Bxe7 23. Rfd1 Kf8 24. Be5 f6 25. Rxd8+ Rxd8 26. Rxd8+ Bxd8
27. Bb8 a6 28. Kg2 Ke7 29. Kf3 1/2-1/2

[Event "MCRE_PF14"]
[Site "?"]
[Date "2004.??.??"]
[Round "?"]
[White "Rotter, Walter"]
[Black "Pytlik, Lesek"]
[Result "0-1"]
[WhiteElo "2074"]
[BlackElo "2316"]
[PlyCount "48"]
[EventDate "2004.??.??"]
[EventType "corr"]

1. d4 Nf6 2. c4 g6 3. Nf3 Bg7 4. Nc3 d6 5. e4 O-O 6. h3 e5 7. d5 Na6 8. Be3 Nc5
9. Qc2 a5 10. g4 Ne8 11. O-O-O a4 12. Be2 Bd7 13. Rdg1 c6 14. h4 cxd5 15. Nxd5
Nf6 16. Nxf6+ Qxf6 17. h5 Rfc8 18. Rh2 b5 19. g5 Qe7 20. hxg6 hxg6 21. Rgh1
bxc4 22. Bxc4 d5 23. exd5 Bf5 24. Qe2 Nd3+ 0-1

[Event "MCRE_PF14"]
[Site "?"]
[Date "2004.??.??"]
[Round "?"]
[White "Pytlik, Lesek"]
[Black "Cedrych, Karel"]
[Result "1-0"]
[WhiteElo "2316"]
[BlackElo "2164"]
[PlyCount "71"]
[EventDate "2004.??.??"]
[EventType "corr"]

1. e4 c5 2. Nf3 Nc6 3. Bb5 g6 4. Bxc6 dxc6 5. d3 Bg7 6. h3 Nf6 7. Nc3 O-O 8.
Be3 b6 9. Qd2 e5 10. Bh6 Qd6 11. g4 Be6 12. Bxg7 Kxg7 13. Ng5 Bc8 14. O-O-O Ne8
15. f4 exf4 16. Nf3 f6 17. Ne2 g5 18. Nc3 Qe7 19. Qg2 Nd6 20. h4 Nf7 21. e5
fxe5 22. hxg5 Rh8 23. Rde1 Bd7 24. Ne4 Be6 25. Nh4 Qd8 26. Nf5+ Kf8 27. Rh5
Bxf5 28. gxf5 Qd5 29. g6 hxg6 30. Rxh8+ Nxh8 31. Rh1 Qg8 32. Nf6 Qg7 33. Qxc6
Rd8 34. Nh7+ Kg8 35. Qe6+ Nf7 36. fxg6 1-0

[Event "MCRE_PF14"]
[Site "?"]
[Date "2004.??.??"]
[Round "?"]
[White "Pytlik, Lesek"]
[Black "Nigrin, Jiri"]
[Result "1-0"]
[WhiteElo "2316"]
[BlackElo "2121"]
[PlyCount "59"]
[EventDate "2004.??.??"]
[EventType "corr"]

1. e4 c5 2. Nf3 Nc6 3. Bb5 g6 4. Bxc6 bxc6 5. O-O Bg7 6. Re1 e5 7. c3 Ne7 8. d4
cxd4 9. cxd4 exd4 10. Nxd4 O-O 11. Nc3 d6 12. Bg5 Bb7 13. Qd2 Re8 14. Rad1 Qb6
15. Nb3 Rad8 16. Qf4 Be5 17. Qh4 Rd7 18. Be3 Qc7 19. f4 Bg7 20. Bd4 Bxd4+ 21.
Nxd4 Qb6 22. f5 c5 23. f6 h5 24. Qf4 cxd4 25. Qh6 dxc3+ 26. Kh1 Nf5 27. exf5
Rxe1+ 28. Rxe1 Bxg2+ 29. Kxg2 Qb7+ 30. Kg3 1-0

[Event "MCRE_PF14"]
[Site "?"]
[Date "2004.??.??"]
[Round "?"]
[White "Nigrin, Jiri"]
[Black "Pytlik, Lesek"]
[Result "0-1"]
[WhiteElo "2121"]
[BlackElo "2316"]
[PlyCount "54"]
[EventDate "2004.??.??"]
[EventType "corr"]

1. d4 Nf6 2. c4 g6 3. Nc3 d5 4. cxd5 Nxd5 5. Na4 Bg7 6. e4 Nb6 7. Be3 O-O 8.
Nf3 Nc6 9. Nc5 Nd7 10. Nxd7 Bxd7 11. Qc2 Rc8 12. d5 Ne5 13. Nxe5 Bxe5 14. f4
Bg7 15. O-O-O c5 16. Bd2 c4 17. Bc3 Bxc3 18. Qxc3 b5 19. h4 Bg4 20. Rd2 Qd6 21.
Qg3 c3 22. Rc2 cxb2+ 23. Kxb2 Rxc2+ 24. Kxc2 Rc8+ 25. Kb1 Qb4+ 26. Qb3 Qe1+ 27.
Kb2 Qc1# 0-1

[Event "MCRE_PF14"]
[Site "?"]
[Date "2004.??.??"]
[Round "?"]
[White "Pravec, Ladislav"]
[Black "Paulik, Vaclav"]
[Result "1-0"]
[WhiteElo "2302"]
[BlackElo "2175"]
[PlyCount "77"]
[EventDate "2004.??.??"]
[EventType "corr"]

1. d4 Nf6 2. c4 g6 3. Nc3 d5 4. cxd5 Nxd5 5. e4 Nxc3 6. bxc3 c5 7. Bb5+ Bd7 8.
Be2 Bg7 9. Nf3 cxd4 10. cxd4 Bc6 11. Qd3 Nd7 12. Rb1 Qa5+ 13. Bd2 Qxa2 14. O-O
f5 15. exf5 Qf7 16. Ng5 Qxf5 17. Qxf5 gxf5 18. Bh5+ Kf8 19. Ne6+ Kg8 20. Rfe1
Be4 21. Rb3 Nf8 22. Nxg7 Kxg7 23. Rg3+ Ng6 24. f3 Bd5 25. Rxe7+ Bf7 26. Rg5 Kf6
27. Rc7 Rhd8 28. g4 Rd5 29. h4 Rf8 30. Bb4 Nxh4 31. Be7+ Ke6 32. gxf5+ Rxf5 33.
Bg4 Re8 34. Bxf5+ Nxf5 35. d5+ Ke5 36. d6 Be6 37. Rc5+ Kf4 38. Rgxf5+ Bxf5 39.
Kf2 1-0

[Event "MCRE_PF14"]
[Site "?"]
[Date "2004.??.??"]
[Round "?"]
[White "Pravec, Ladislav"]
[Black "Rotter, Walter"]
[Result "1-0"]
[WhiteElo "2302"]
[BlackElo "2120"]
[PlyCount "49"]
[EventDate "2004.??.??"]
[EventType "corr"]

1. d4 Nf6 2. c4 g6 3. Nc3 Bg7 4. e4 d6 5. Be2 O-O 6. Nf3 Na6 7. O-O e5 8. Be3
Qe7 9. Bg5 c6 10. c5 exd4 11. cxd6 Qe6 12. Qxd4 Nd7 13. Qd2 Nac5 14. Be7 Re8
15. Ng5 Qe5 16. Rad1 Ne6 17. f4 Qc5+ 18. Kh1 Nxg5 19. fxg5 Qb4 20. e5 Bxe5 21.
Qe3 Bg7 22. Ne4 Qxb2 23. Rxf7 Ne5 24. Rxg7+ Kxg7 25. Nc3 1-0

[Event "MCRE_PF14"]
[Site "?"]
[Date "2004.??.??"]
[Round "?"]
[White "Pravec, Ladislav"]
[Black "Ksir, Bohumir"]
[Result "1-0"]
[WhiteElo "2302"]
[BlackElo "2145"]
[PlyCount "57"]
[EventDate "2004.??.??"]
[EventType "corr"]

1. d4 Nf6 2. c4 g6 3. Nc3 Bg7 4. e4 d6 5. Be2 O-O 6. Nf3 e5 7. O-O Nbd7 8. Be3
Qe7 9. Qc2 exd4 10. Nxd4 c6 11. Rad1 Re8 12. f3 Nc5 13. Rfe1 a5 14. Bf1 Qc7 15.
Nb3 b6 16. Nxc5 dxc5 17. Qd2 Nd7 18. Bf2 Ne5 19. f4 Ng4 20. e5 Nxf2 21. Kxf2
Bf5 22. Qd6 Qb7 23. Be2 Bf8 24. Qd2 Rad8 25. Qe3 Rd4 26. g4 Be6 27. Ne4 Red8
28. Rxd4 Rxd4 29. f5 1-0

[Event "MCRE_PF14"]
[Site "?"]
[Date "2004.??.??"]
[Round "?"]
[White "Pravec, Ladislav"]
[Black "Cedrych, Karel"]
[Result "1-0"]
[WhiteElo "2302"]
[BlackElo "2180"]
[PlyCount "79"]
[EventDate "2004.??.??"]
[EventType "corr"]

1. d4 Nf6 2. c4 e6 3. Nf3 b6 4. g3 Bb7 5. Bg2 Be7 6. O-O O-O 7. b3 d5 8. cxd5
Nxd5 9. Bb2 Nd7 10. Nbd2 c5 11. e4 Nb4 12. Qe2 Rc8 13. Nc4 b5 14. a3 Nc6 15.
Ne3 Na5 16. d5 Qb6 17. Rad1 Nxb3 18. dxe6 Qxe6 19. Nf5 Bf6 20. Rxd7 Bxe4 21.
Nh6+ gxh6 22. Bxf6 Rfe8 23. Qd1 Qxf6 24. Qxb3 c4 25. Qd1 a6 26. Rd6 Re6 27.
Rxe6 fxe6 28. Re1 Rd8 29. Qe2 Bf5 30. Ne5 Rd4 31. Qf3 Qf8 32. Qb7 Rd6 33. Nc6
Rd2 34. Ne7+ Kh8 35. Qc7 Rd8 36. Nxf5 exf5 37. Re7 Rd1+ 38. Bf1 Kg8 39. Qe5 Rd8
40. Bh3 1-0

[Event "MCRE_PF14"]
[Site "?"]
[Date "2004.??.??"]
[Round "?"]
[White "Cedrych, Karel"]
[Black "Pravec, Ladislav"]
[Result "0-1"]
[WhiteElo "2180"]
[BlackElo "2302"]
[PlyCount "72"]
[EventDate "2004.??.??"]
[EventType "corr"]

1. e4 c5 2. Nf3 Nc6 3. d4 cxd4 4. Nxd4 Nf6 5. Nc3 d6 6. Bg5 e6 7. Qd2 Be7 8.
O-O-O O-O 9. f4 h6 10. Bh4 e5 11. Nf5 Bxf5 12. exf5 exf4 13. Kb1 d5 14. Bxf6
Bxf6 15. Nxd5 Be5 16. f6 Bxf6 17. Qxf4 Be5 18. Qf5 Qd6 19. Bc4 Nd4 20. Qe4 b5
21. Ne3 Rae8 22. Bd3 g6 23. Qh4 Bg7 24. Ng4 h5 25. Nf2 b4 26. Qg5 Qc7 27. Qg3
Qc6 28. Rd2 Re5 29. Rg1 Ra5 30. Nd1 Rc8 31. Qh3 Rc7 32. Qg3 b3 33. Nc3 bxa2+
34. Nxa2 Qa4 35. Bc4 Qxc4 36. b3 Nxb3 0-1

[Event "MCRE_PF14"]
[Site "?"]
[Date "2004.??.??"]
[Round "?"]
[White "Ksir, Bohumir"]
[Black "Houska, Jiri"]
[Result "1/2-1/2"]
[WhiteElo "2145"]
[BlackElo "2200"]
[PlyCount "64"]
[EventDate "2004.??.??"]
[EventType "corr"]

1. e4 e6 2. d4 d5 3. Nd2 c5 4. Ngf3 cxd4 5. Nxd4 Nf6 6. exd5 Qxd5 7. N2f3 a6 8.
Bd3 e5 9. Qe2 Bb4+ 10. c3 O-O 11. Bc4 Qd8 12. Nxe5 Qxd4 13. O-O Bxc3 14. bxc3
Qc5 15. Bg5 Nbd7 16. Nxd7 Bxd7 17. Bxf6 gxf6 18. Bd3 Rfe8 19. Qf3 Bc6 20. Qh3
Be4 21. Bxe4 Rxe4 22. Rae1 Rae8 23. Rxe4 Rxe4 24. Qg3+ Kf8 25. Qb8+ Kg7 26.
Qxb7 Ra4 27. Qb2 Qa3 28. Qd2 Qxa2 29. Qd3 Qb2 30. Qg3+ Kf8 31. Qd6+ Kg7 32.
Qg3+ Kf8 1/2-1/2

[Event "MCRE_PF14"]
[Site "?"]
[Date "2004.??.??"]
[Round "?"]
[White "Pytlik, Lesek"]
[Black "Rotter, Walter"]
[Result "1-0"]
[WhiteElo "2316"]
[BlackElo "2074"]
[PlyCount "71"]
[EventDate "2004.??.??"]
[EventType "corr"]

1. e4 e5 2. Nf3 Nc6 3. Bb5 a6 4. Ba4 Nf6 5. O-O Be7 6. Re1 b5 7. Bb3 d6 8. c3
Na5 9. Bc2 c5 10. d4 Qc7 11. Nbd2 O-O 12. Nf1 cxd4 13. cxd4 Bg4 14. Ne3 Bh5 15.
Nf5 Bg4 16. Bg5 h6 17. Bh4 Rac8 18. Bd3 Rfe8 19. Rc1 Qxc1 20. Qxc1 Rxc1 21.
Nxe7+ Rxe7 22. Rxc1 g5 23. Bg3 Bxf3 24. gxf3 Ne8 25. b4 Nb7 26. Rc6 a5 27. a3
f6 28. Bxb5 axb4 29. axb4 Kf7 30. Rc8 Nc7 31. Bc6 Na6 32. b5 Nb4 33. d5 Nd3 34.
b6 Ndc5 35. h4 Kg7 36. Kf1 1-0

[Event "MCRE_PF14"]
[Site "?"]
[Date "2004.??.??"]
[Round "?"]
[White "Paulik, Vaclav"]
[Black "Pravec, Ladislav"]
[Result "1/2-1/2"]
[WhiteElo "2175"]
[BlackElo "2302"]
[PlyCount "64"]
[EventDate "2004.??.??"]
[EventType "corr"]

1. e4 c5 2. d4 cxd4 3. c3 dxc3 4. Nxc3 Nc6 5. Nf3 e6 6. Bc4 Nf6 7. O-O Qc7 8.
Qe2 Ng4 9. Nb5 Qb8 10. h3 h5 11. Qd2 a6 12. Nbd4 Nge5 13. Be2 Qd6 14. Qc3 Qc5
15. Qd2 Be7 16. Rd1 g5 17. Nxc6 Nxf3+ 18. Bxf3 bxc6 19. Qd3 Bf6 20. Be2 Qe5 21.
Bd2 Qb5 22. Qe3 Qxb2 23. Rab1 Qd4 24. Qxd4 Bxd4 25. Bxg5 e5 26. Rdc1 h4 27. Bd3
a5 28. a3 Rh5 29. Bf6 Rh6 30. Bg5 Rh5 31. Bf6 Rh6 32. Bg5 Rh5 1/2-1/2

[Event "MCRE_PF14"]
[Site "?"]
[Date "2004.??.??"]
[Round "?"]
[White "Cedrych, Karel"]
[Black "Rotter, Walter"]
[Result "1-0"]
[WhiteElo "2164"]
[BlackElo "2074"]
[PlyCount "47"]
[EventDate "2004.??.??"]
[EventType "corr"]

1. e4 e5 2. Nf3 Nc6 3. Bb5 a6 4. Ba4 Nf6 5. O-O Be7 6. Re1 b5 7. Bb3 d6 8. c3
Na5 9. Bc2 c5 10. d4 Nc6 11. a4 Bg4 12. d5 Na7 13. h3 Bh5 14. Nbd2 O-O 15. Nf1
h6 16. Ng3 Bg6 17. Be3 Qc7 18. Nh4 Bxe4 19. Nxe4 Nxe4 20. Nf5 Nf6 21. Bxh6 gxh6
22. Qd2 Ng4 23. Re4 Ne3 24. Nxh6+ 1-0

[Event "MCRE_PF14"]
[Site "?"]
[Date "2004.??.??"]
[Round "?"]
[White "Rotter, Walter"]
[Black "Cedrych, Karel"]
[Result "1-0"]
[WhiteElo "2074"]
[BlackElo "2164"]
[PlyCount "98"]
[EventDate "2004.??.??"]
[EventType "corr"]

1. d4 Nf6 2. c4 e6 3. Nf3 b6 4. a3 Bb7 5. Nc3 d5 6. cxd5 Nxd5 7. e3 Be7 8. Bb5+
c6 9. Bd3 Nxc3 10. bxc3 c5 11. O-O Nc6 12. Qc2 h6 13. Rd1 cxd4 14. exd4 Rc8 15.
Qe2 Bf6 16. Rb1 Ne7 17. Bb5+ Kf8 18. Bd2 g6 19. Ne5 Kg8 20. Re1 Qd6 21. c4 Nc6
22. Bxc6 Bxc6 23. Bb4 Qc7 24. Bd2 Kh7 25. Qe3 Bg7 26. Qh3 Bb7 27. Bf4 Qe7 28.
d5 Rhd8 29. Ng4 h5 30. d6 Qd7 31. Ne5 Bxe5 32. Rxe5 Kg8 33. c5 bxc5 34. Rxh5
gxh5 35. Qxh5 Qc6 36. Qg5+ Kh7 37. f3 c4 38. Be5 Qc5+ 39. Kf1 Qxe5 40. Qxe5 Ba6
41. Rb4 Rd7 42. Ra4 c3+ 43. Kf2 Bc4 44. Qxc3 Kg6 45. Rxc4 Rxc4 46. Qxc4 Rxd6
47. Qg4+ Kf6 48. Qf4+ Ke7 49. h4 Rd5 1-0

[Event "MCRE_PF14"]
[Site "?"]
[Date "2004.??.??"]
[Round "?"]
[White "Houska, Jiri"]
[Black "Rotter, Walter"]
[Result "1-0"]
[WhiteElo "2200"]
[BlackElo "2074"]
[PlyCount "71"]
[EventDate "2004.??.??"]
[EventType "corr"]

1. d4 Nf6 2. c4 g6 3. Nc3 d5 4. Nf3 Bg7 5. Qb3 dxc4 6. Qxc4 O-O 7. e4 a6 8. e5
b5 9. Qb3 Be6 10. exf6 Bxb3 11. fxg7 Kxg7 12. axb3 Nc6 13. Be3 Nb4 14. Rc1 f6
15. Be2 e6 16. O-O Re8 17. Rfd1 Qe7 18. Ne4 g5 19. Ne1 h6 20. Nd3 Nd5 21. Nec5
Qd6 22. b4 Nxe3 23. fxe3 h5 24. Rf1 f5 25. Bf3 c6 26. Ne5 Re7 27. Bxc6 Rc8 28.
Bb7 Rb8 29. Bf3 g4 30. Bd1 Rf8 31. Ra1 Ra7 32. Bb3 Re8 33. g3 h4 34. gxh4 Kh6
35. Rxa6 Rxa6 36. Nf7+ 1-0

[Event "MCRE_PF14"]
[Site "?"]
[Date "2004.??.??"]
[Round "?"]
[White "Pravec, Ladislav"]
[Black "Pytlik, Lesek"]
[Result "1/2-1/2"]
[WhiteElo "2302"]
[BlackElo "2316"]
[PlyCount "74"]
[EventDate "2004.??.??"]
[EventType "corr"]

1. d4 Nf6 2. c4 g6 3. Nc3 d5 4. cxd5 Nxd5 5. e4 Nxc3 6. bxc3 Bg7 7. Nf3 c5 8.
Rb1 O-O 9. Be2 Nc6 10. d5 Ne5 11. Nxe5 Bxe5 12. Qd2 e6 13. f4 Bc7 14. Bc4 a6
15. a4 Qe8 16. Qa2 Rb8 17. dxe6 Bxe6 18. O-O Bxc4 19. Qxc4 b5 20. axb5 axb5 21.
Qd5 Qd8 22. Rd1 Qxd5 23. Rxd5 Rfd8 24. Be3 Rxd5 25. exd5 Bd6 26. Kf2 b4 27. Ke2
Ra8 28. Rb2 h5 29. Kd3 Ra3 30. Rc2 Kf8 31. g3 h4 32. Bc1 Ra5 33. Re2 bxc3 34.
Kxc3 Ra4 35. Bb2 Rd4 36. Rd2 Rxd2 37. Kxd2 g5 1/2-1/2

[Event "MCRE_PF14"]
[Site "?"]
[Date "2004.??.??"]
[Round "?"]
[White "Houska, Jiri"]
[Black "Pytlik, Lesek"]
[Result "1/2-1/2"]
[WhiteElo "2200"]
[BlackElo "2316"]
[PlyCount "91"]
[EventDate "2004.??.??"]
[EventType "corr"]

1. d4 Nf6 2. c4 g6 3. Nc3 Bg7 4. e4 d6 5. Nf3 O-O 6. Be2 e5 7. O-O Nc6 8. d5
Ne7 9. Ne1 Ne8 10. Be3 f5 11. f3 f4 12. Bf2 h5 13. c5 g5 14. a4 Kh8 15. cxd6
Nxd6 16. Nb5 a6 17. Nxd6 cxd6 18. Nd3 Ng6 19. Qb3 g4 20. Rfc1 Qg5 21. Be1 Nh4
22. Bxh4 Qxh4 23. Bf1 Qg5 24. Kh1 h4 25. fxg4 Bxg4 26. h3 Bh5 27. Ne1 Qg6 28.
Qd3 Qg3 29. Nf3 Rac8 30. Qd1 Bg6 31. Bd3 Bf6 32. Rxc8 Rxc8 33. Rc1 Rg8 34. Qe1
Bh5 35. Qxg3 fxg3 36. Be2 Bd8 37. Rc8 Bb6 38. Rxg8+ Kxg8 39. b4 Kg7 40. a5 Bf2
41. b5 axb5 42. Bxb5 Bxf3 43. gxf3 Kf6 44. a6 bxa6 45. Bxa6 Kg5 46. Kg2 1/2-1/2

[Event "MCRE_PF14"]
[Site "?"]
[Date "2004.??.??"]
[Round "?"]
[White "Nigrin, Jiri"]
[Black "Cedrych, Karel"]
[Result "1/2-1/2"]
[WhiteElo "2121"]
[BlackElo "2164"]
[PlyCount "41"]
[EventDate "2004.??.??"]
[EventType "corr"]

1. d4 Nf6 2. c4 e6 3. Nf3 b6 4. a3 Bb7 5. Nc3 d5 6. cxd5 Nxd5 7. Qc2 Nxc3 8.
Qxc3 h6 9. Bf4 Bd6 10. Bg3 Nd7 11. e3 O-O 12. Bb5 Rc8 13. Bh4 Qe8 14. Bc6 Bxc6
15. Qxc6 Nb8 16. Qxe8 Rfxe8 17. Ke2 c5 18. dxc5 Bxc5 19. Rhd1 Kf8 20. Bg3 a5
21. Rac1 1/2-1/2

[Event "MCRE_PF14"]
[Site "?"]
[Date "2004.??.??"]
[Round "?"]
[White "Nigrin, Jiri"]
[Black "Paulik, Vaclav"]
[Result "1/2-1/2"]
[WhiteElo "2121"]
[BlackElo "2121"]
[PlyCount "57"]
[EventDate "2004.??.??"]
[EventType "corr"]

1. d4 Nf6 2. c4 g6 3. Nc3 d5 4. cxd5 Nxd5 5. e4 Nxc3 6. bxc3 Bg7 7. Bc4 c5 8.
Ne2 O-O 9. O-O Nc6 10. Be3 Bg4 11. f3 Na5 12. Bxf7+ Rxf7 13. fxg4 Rxf1+ 14.
Kxf1 Qd6 15. Kg1 Qe6 16. Qd3 Qc4 17. Qxc4+ Nxc4 18. Bg5 h6 19. Bxe7 Re8 20.
Bxc5 b6 21. Bxb6 axb6 22. e5 Ra8 23. Kf2 Kf7 24. h3 Ra3 25. Kf3 g5 26. Ke4 Ke6
27. Kd3 Nb2+ 28. Ke4 Nc4 29. Kd3 1/2-1/2

[Event "MCRE_PF14"]
[Site "?"]
[Date "2004.??.??"]
[Round "?"]
[White "Rotter, Walter"]
[Black "Pravec, Ladislav"]
[Result "0-1"]
[WhiteElo "2120"]
[BlackElo "2302"]
[PlyCount "58"]
[EventDate "2004.??.??"]
[EventType "corr"]

1. d4 Nf6 2. c4 g6 3. Nc3 Bg7 4. e4 d6 5. h3 O-O 6. Be3 Na6 7. Nf3 e5 8. d5 Nc5
9. Nd2 Nfd7 10. b4 f5 11. f3 Na6 12. a3 f4 13. Bf2 b6 14. Bd3 Bf6 15. Qe2 Nab8
16. Nb3 Bh4 17. O-O-O Bxf2 18. Qxf2 Nf6 19. Qh4 Qe7 20. Qh6 Nh5 21. Ne2 Qh4 22.
g4 fxg3 23. Qe3 c5 24. Rdg1 cxb4 25. axb4 Na6 26. b5 Nc5 27. Nxc5 bxc5 28. Kb2
a6 29. Ra1 Rb8 0-1

[Event "MCRE_PF14"]
[Site "?"]
[Date "2004.??.??"]
[Round "?"]
[White "Nigrin, Jiri"]
[Black "Pravec, Ladislav"]
[Result "0-1"]
[WhiteElo "2125"]
[BlackElo "2302"]
[PlyCount "68"]
[EventDate "2004.??.??"]
[EventType "corr"]

1. e4 c5 2. f4 d5 3. exd5 Qxd5 4. Nc3 Qd6 5. d4 cxd4 6. Nb5 Qb6 7. Qxd4 Qxd4 8.
Nxd4 a6 9. Bd3 Nf6 10. Ngf3 Nbd7 11. O-O Nc5 12. Be2 e6 13. Rd1 b5 14. c4 bxc4
15. Bxc4 Nce4 16. Nd2 Nxd2 17. Bxd2 Bc5 18. Ba5 O-O 19. Rd3 Bb7 20. Rad1 Rfc8
21. b3 Be4 22. R3d2 Bd5 23. Be2 g5 24. b4 Ba7 25. Kf1 Ne4 26. Rc2 Rxc2 27. Nxc2
Rc8 28. Ne1 Nc3 29. Rc1 Rc4 30. Nd3 Be3 31. Rc2 Nxe2 32. Rxc4 Bxc4 33. Kxe2
gxf4 34. g3 e5 0-1

[Event "MCRE_PF14"]
[Site "?"]
[Date "2004.??.??"]
[Round "?"]
[White "Paulik, Vaclav"]
[Black "Houska, Jiri"]
[Result "1-0"]
[WhiteElo "2175"]
[BlackElo "2180"]
[PlyCount "93"]
[EventDate "2004.??.??"]
[EventType "corr"]

1. e4 e6 2. d4 d5 3. e5 c5 4. c3 Qb6 5. Nf3 Bd7 6. Be2 Bb5 7. dxc5 Bxc5 8. b4
Bxf2+ 9. Kf1 Bc6 10. Qd2 d4 11. Qg5 d3 12. Bxd3 Bxf3 13. gxf3 Nc6 14. Nd2 Qe3
15. Qxe3 Bxe3 16. Nc4 Bxc1 17. Rxc1 Nge7 18. b5 Nb8 19. Be4 Nd7 20. Bxb7 Rd8
21. Be4 Ng6 22. Bxg6 hxg6 23. Re1 Ke7 24. Na5 Nb8 25. Kf2 Rh5 26. a4 Rd2+ 27.
Kg3 Rg5+ 28. Kh4 Rh5+ 29. Kg4 Ra2 30. c4 f5+ 31. Kg3 g5 32. Ra1 Re2 33. h4 g6
34. f4 Re3+ 35. Kf2 gxf4 36. c5 Nd7 37. Nc6+ Ke8 38. b6 axb6 39. cxb6 Nc5 40.
Nd4 Rh7 41. Nf3 Rd7 42. Rhd1 Ne4+ 43. Kg2 Re2+ 44. Kg1 Re3 45. Rxd7 Kxd7 46.
Ng5 Kc8 47. a5 1-0

[Event "MCRE_PF14"]
[Site "?"]
[Date "2004.??.??"]
[Round "?"]
[White "Houska, Jiri"]
[Black "Ksir, Bohumir"]
[Result "1-0"]
[WhiteElo "2180"]
[BlackElo "2145"]
[PlyCount "97"]
[EventDate "2004.??.??"]
[EventType "corr"]

1. d4 Nf6 2. c4 e6 3. Nf3 c5 4. d5 exd5 5. cxd5 d6 6. Nc3 g6 7. g3 Bg7 8. Bg2
O-O 9. O-O a6 10. a4 Nbd7 11. Nd2 Re8 12. h3 Nh5 13. Nce4 Ndf6 14. Nxf6+ Nxf6
15. Nc4 Bf5 16. Ra3 Be4 17. a5 Bxg2 18. Kxg2 Re4 19. Nb6 Rb8 20. Bg5 Qe8 21.
Bxf6 Bxf6 22. e3 Bxb2 23. Rb3 Bf6 24. Qd3 Bd8 25. Rfb1 Bxb6 26. Rxb6 Ra4 27.
Rxd6 Rxa5 28. Rdb6 Rc8 29. d6 c4 30. Qd4 Rd8 31. Rxb7 Qc6+ 32. e4 Qxd6 33. Qxc4
Rf8 34. R1b6 Qe5 35. Rc6 Rb5 36. Ra7 Rb2 37. Rc8 Qf6 38. Rxf8+ Kxf8 39. Qc5+
Kg7 40. Ra8 g5 41. e5 Qe6 42. Rd8 f6 43. exf6+ Qxf6 44. Rd5 h6 45. Rf5 Qe6 46.
Qc3+ Kg8 47. Re5 Rc2 48. Rxe6 Rxc3 49. Rxh6 1-0

[Event "MCRE_PF14"]
[Site "?"]
[Date "2004.??.??"]
[Round "?"]
[White "Cedrych, Karel"]
[Black "Ksir, Bohumir"]
[Result "1/2-1/2"]
[WhiteElo "2164"]
[BlackElo "2145"]
[PlyCount "85"]
[EventDate "2004.??.??"]
[EventType "corr"]

1. e4 c6 2. d4 d5 3. exd5 cxd5 4. c4 Nf6 5. Nc3 e6 6. Nf3 Be7 7. cxd5 Nxd5 8.
Bd3 Nc6 9. O-O O-O 10. Re1 Bf6 11. a3 a5 12. Be4 Qd6 13. Bc2 Qc7 14. Nxd5 exd5
15. Qd3 g6 16. Bh6 Rd8 17. Rac1 Qb6 18. Qe3 Bd7 19. Ne5 Be6 20. Nxc6 bxc6 21.
Red1 Qxb2 22. Ba4 Bg4 23. Rc2 Qb8 24. Rdc1 Re8 25. Qc3 Qb6 26. Qxc6 Qxd4 27.
Qxe8+ Rxe8 28. Bxe8 Bd8 29. Bc6 g5 30. Re1 Be6 31. Rce2 Qc5 32. Bd7 Qxa3 33.
Re5 Qc3 34. Bxe6 fxe6 35. Bxg5 Bxg5 36. Rxg5+ Kf7 37. Rge5 d4 38. Rxe6 d3 39.
Kf1 a4 40. R6e3 Qc6 41. Rf3+ Kg6 42. Rxd3 Qb5 43. Red1 1/2-1/2

[Event "MCRE_PF14"]
[Site "?"]
[Date "2004.??.??"]
[Round "?"]
[White "Ksir, Bohumir"]
[Black "Cedrych, Karel"]
[Result "1-0"]
[WhiteElo "2145"]
[BlackElo "2164"]
[PlyCount "98"]
[EventDate "2004.??.??"]
[EventType "corr"]

1. e4 c5 2. Nf3 Nc6 3. d4 cxd4 4. Nxd4 Nf6 5. Nc3 d6 6. Bg5 e6 7. Qd2 Be7 8.
O-O-O O-O 9. Nb3 a6 10. Bxf6 gxf6 11. h4 b5 12. g4 b4 13. Ne2 a5 14. Ned4 Nxd4
15. Nxd4 Bb7 16. Rg1 Kh8 17. Bg2 Rg8 18. Bh1 Qc7 19. g5 Qc4 20. Kb1 Rac8 21.
Rg3 Rg7 22. f4 Qc7 23. Rh3 Qc4 24. a4 Rgg8 25. Rb3 d5 26. exd5 Bxd5 27. Bxd5
Qxd5 28. Rd3 Rgd8 29. Qe2 Qb7 30. Qh5 Qc7 31. R1d2 fxg5 32. hxg5 Qxf4 33. Rh3
Qe4 34. Qxf7 b3 35. Rxb3 Rxd4 36. Rxd4 Qxd4 37. Qxe7 Qd1+ 38. Ka2 Qg4 39. Ka3
Qf5 40. Rb5 Qxc2 41. Qf6+ Kg8 42. Qxe6+ Kh8 43. Rxa5 Qd3+ 44. b3 Qc2 45. Qe3
Qg6 46. Ra7 Qd6+ 47. b4 Rd8 48. Qc3+ Qd4 49. Qxd4+ Rxd4 1-0

[Event "MCRE_PF14"]
[Site "?"]
[Date "2004.??.??"]
[Round "?"]
[White "Pytlik, Lesek"]
[Black "Houska, Jiri"]
[Result "1/2-1/2"]
[WhiteElo "2316"]
[BlackElo "2200"]
[PlyCount "117"]
[EventDate "2004.??.??"]
[EventType "corr"]

1. e4 e6 2. d4 d5 3. Nd2 c5 4. exd5 Qxd5 5. Ngf3 cxd4 6. Bc4 Qd6 7. O-O Nf6 8.
Nb3 Nc6 9. Nbxd4 Nxd4 10. Nxd4 a6 11. c3 Qc7 12. Bb3 Bd7 13. Bg5 O-O-O 14. Bxf6
gxf6 15. Qh5 Be8 16. Rad1 Be7 17. Qh6 Bd7 18. Rfe1 Rdg8 19. Qh5 Rg6 20. g3 Qc5
21. Qxc5+ Bxc5 22. Bc2 f5 23. Nf3 Rg7 24. b4 Ba7 25. c4 h5 26. Kf1 f4 27. Ne5
Be8 28. gxf4 Rhg8 29. Be4 f6 30. Nf3 f5 31. Bc2 Rg4 32. c5 Bb5+ 33. Bd3 Bc6 34.
Ne5 Bg2+ 35. Ke2 Rxf4 36. Bc4 Re8 37. Ke3 Re4+ 38. Kd2 Bb8 39. Rxe4 fxe4 40.
Rg1 Bh3 41. Ng6 Bxh2 42. Rh1 Bf5 43. Rxh2 Bxg6 44. Ke3 Kd7 45. Be2 Rh8 46. Rg2
Rh6 47. Kf4 h4 48. Bg4 Bf5 49. Bxf5 exf5 50. Kxf5 Kc6 51. Kxe4 Kb5 52. f4 h3
53. Rh2 Kxb4 54. Kd5 Rh5+ 55. Ke6 Rxc5 56. Rxh3 Rc2 57. a3+ Ka4 58. f5 b5 59.
Rf3 1/2-1/2

[Event "MCRE_PF14"]
[Site "?"]
[Date "2004.??.??"]
[Round "?"]
[White "Ksir, Bohumir"]
[Black "Pravec, Ladislav"]
[Result "0-1"]
[WhiteElo "2145"]
[BlackElo "2302"]
[PlyCount "80"]
[EventDate "2004.??.??"]
[EventType "corr"]

1. e4 c5 2. Nf3 Nc6 3. d4 cxd4 4. Nxd4 Nf6 5. Nc3 d6 6. Bc4 e6 7. Be3 a6 8. Qe2
Qc7 9. O-O-O Na5 10. Bd3 b5 11. g4 b4 12. Na4 Bd7 13. g5 Ng8 14. b3 e5 15. Nf5
Bxa4 16. bxa4 Qc6 17. Kb1 g6 18. Ng3 h5 19. h4 Bg7 20. Bd2 Qxa4 21. Bxa6 Nc6
22. Bc4 Nd4 23. Qd3 Ne7 24. Ne2 b3 25. Bxb3 Nxb3 26. Qxb3 Qa6 27. Nc1 Nc6 28.
Qd3 Qb7+ 29. Nb3 O-O 30. Bc3 Rfc8 31. Rhe1 Qa7 32. Nc1 Qxf2 33. Rf1 Qb6+ 34.
Bb2 Rab8 35. Nb3 Nb4 36. Qxd6 Qa7 37. a3 Nxc2 38. Rd3 Bf8 39. Qd5 Nxa3+ 40.
Bxa3 Bxa3 0-1